| 000 | 01699nam a2200373 c 4500 | ||
|---|---|---|---|
| 003 | BLK | ||
| 005 | 20230505161957.0 | ||
| 008 | 180407b bul|||||r ||||||| ||bul|| | ||
| 010 | _aKNG00034329000 | ||
| 020 |
_a954-9926-27-3 _bиздат.: Планета 3 |
||
| 040 | _aBLK | ||
| 041 |
_aBUL _cBUL |
||
| 080 |
_aОбща световна история. История на света _b930.9 _x _z930.9 |
||
| 100 | 1 |
_aРобъртс, Джон Мадокс _eпърви автор _9253222 |
|
| 700 | 1 |
_aБаева, Искра _eпрев. от англ. _9271699 |
|
| 700 | 1 |
_aКалинова, Евгения Иванова _e* _9365080 |
|
| 700 | 1 |
_aСтоянова, Ваня Петрова _e* _9271700 |
|
| 700 | 1 |
_aИванов, Веселин _e* _9364885 |
|
| 139 |
_aРобъртс, Джон Мадокс _bР 70 |
||
| 245 | 1 | 0 |
_aКратка илюстрована история на света _cДжон Мадокс Робъртс; прев. от англ. Искра Баева; * Евгения Иванова Калинова; * Ваня Петрова Стоянова; * Веселин Иванов. |
| 257 | _aGBR | ||
| 260 |
_аСофия _bПланета 3 _c1999 _fСофия : Образование и наука |
||
| 300 |
_a688 с. _bс ил., табл., к. _c24 см |
||
| 380 | _a9 | ||
| 500 | _aОриг. загл. Shoter Illustrated History of the World / J. M. Roberts. - Офс. изд. - Азб. показалец. | ||
| 650 | 4 |
_aИстория, обща _9264694 |
|
| 653 | _aистория | ||
| 653 | _aсветовна история | ||
| 852 | _aЦб 206685 | ||
| 856 | 4 |
_qpdf _u |
|
| 856 | 4 |
_qpdf _u |
|
| 942 |
_cKNG _n0 _06 |
||
| 944 |
_aCR _c26.03.2003 _kЛюдмила_Стоянова |
||
| 944 |
_aED _c10.10.2007 _k |
||
| 999 |
_c31671 _d31671 |
||